Karate - Statystyki

Ogólne statystyki
  • Ten quiz został rozwiązany 10 razy
  • Średni wynik to 3 z 7
Statystyki odpowiedzi
Hint Odpowiedź % Poprawnych
hiji łokieć
63%
ushiro w tył
63%
nukite ręka włócznia
38%
age w górę
38%
sayu bok, w płaszczyźnie bocznej
25%
shotei podstawa dłoni
25%
ate uderzenie łokciem
0%
Nie znaleziono quizów pasujących do podanych kryteriów
Rozkład punktacji
Procent ludzi z każdym wynikiem
Percentyl według liczby udzielonych odpowiedzi
Twoja historia wyników
Nie rozwiązałeś tego quizu